000
00365nam a22001217a 4500
999
_c
13577
_d
13577
082
_a
891.4393
100
_a
مرتبہ و مقدمہ قرات العین حیدر
245
_a
انتخاب سجاد حیدر یلدرم
260
_a
لاہور
_b
سنگ میل پبلیکیشنز
_c
١٩٩٠
300
_a
٦٢١ صفحات
650
_a
Urdu Afsana
942
_c
BK